| 000 | 01603nam0a2200397 4500 | ||
|---|---|---|---|
| 001 | RU\NLR\bibl\248209 | ||
| 005 | 20250620122017.0 | ||
| 010 |
_a5-272-00251-2 _bВ пер. _97000 |
||
| 021 |
_aRU _b2001-46161 _92212 |
||
| 035 | _a(NLR Aleph) 000244040 | ||
| 090 |
_a1422809 _c1422809 |
||
| 100 | _a20020320d2001 |||y0rusy50 ca | ||
| 101 | 1 |
_arus _ceng |
|
| 102 | _aRU | ||
| 105 | _aa ||||||||| | ||
| 200 | 1 |
_aWindows 2000 для системного администратора _e[Пер. с англ.] _fСтивен Тейт |
|
| 210 |
_aСПб. и др. _cПитер _cПитер бук _d2001 |
||
| 215 |
_a763 с. _cил. _d24 |
||
| 225 | 1 | _aЭнциклопедия | |
| 300 | _aЗагл. и авт. ориг.: Windows 2000: Essential reference / Steve Tate et al. | ||
| 320 | _aАлф. указ.: с. 750-763 | ||
| 454 | 0 |
_12001#$aWindows 2000$eEssential reference$fSteve Tate et al. _tWindows 2000 |
|
| 606 | 0 |
_aMICROSOFT WINDOWS 2000, операционная система _jЭнциклопедии _xУправление _92240606 _3RU\NLR\auth\661344505 |
|
| 610 | 0 | _aВычислительные сети - Операционные системы | |
| 610 | 0 | _aВычислительные сети - Администрирование | |
| 675 |
_a004.451 _v3 _zrus |
||
| 686 |
_a50 _2rugasnti |
||
| 686 |
_a32.973.26-018.2 _2rubbk |
||
| 686 | _aЗ973.23-018.2я20 | ||
| 700 | 1 |
_aТейт _bС. _gСтивен _4070 |
|
| 801 | 0 |
_aRU _bRKP _c20020320 _gPSBO |
|
| 801 | 1 |
_aRU _bRKP _c20020320 |
|
| 801 | 2 |
_aRU _bNLR _c20020925 _grcr |
|
| 942 | _cBOOK | ||
| 980 | _aNB | ||